Personnalités au hasard #17 - Statistiques

Statistiques générales
  • Ce quiz a été pris 335 fois
  • Le résultat moyen est 12 sur 32
Statistiques - réponses
Par images Réponse % Correct
Cristiano Ronaldo
97%
Oli
90%
George Clooney
85%
Léna Situations
81%
Ryan Gosling
81%
Jay-Z
68%
Camille Cottin
66%
Steven Spielberg
63%
Vercingétorix
56%
Michel Cymes
55%
Robbie Williams
50%
Nicole Kidman
40%
Cléopâtre VII
39%
Janet Jackson
37%
Laura Laune
29%
Laury Thilleman
29%
Camilla Parker Bowles
28%
Michel Sarran
27%
Fred Musa
25%
Susan Boyle
25%
Loreen
19%
Rita Ora
19%
David Guiraud
18%
Doully
16%
Mohammed VI
13%
Rouhollah Khomeini
11%
Mel B
8%
Ève Angeli
7%
Ludivine Sagnier
6%
Sharon Osbourne
5%
Mark Rutte
3%
Michael D. Higgins
3%
Aucun quiz correspondant
Distribution des résultats
% des personnes avec chaque résultat
Percentile par nombre de réponses
Votre historique - résultats
Vous n’avez pas pris ce quiz